Environmental Chemistry (Record no. 11927)

MARC details
000 -LEADER
fixed length control field 00447nam a22001817a 4500
003 - CONTROL NUMBER IDENTIFIER
control field OSt
008 - FIXED-LENGTH DATA ELEMENTS--GENERAL INFORMATION
fixed length control field 230403b |||||||| |||| 00| 0 eng d
020 ## - INTERNATIONAL STANDARD BOOK NUMBER
International Standard Book Number 9788122472271
082 ## - DEWEY DECIMAL CLASSIFICATION NUMBER
Classification number 577.14 DEE
100 ## - MAIN ENTRY--PERSONAL NAME
Personal name DE, ANIL Kumar
245 ## - TITLE STATEMENT
Title Environmental Chemistry
250 ## - EDITION STATEMENT
Edition statement 10th Ed
260 ## - PUBLICATION, DISTRIBUTION, ETC. (IMPRINT)
Place of publication, distribution, etc New Delhi
Name of publisher, distributor, etc New Age International
Date of publication, distribution, etc 2022
300 ## - PHYSICAL DESCRIPTION
Extent 383
650 ## - SUBJECT ADDED ENTRY--TOPICAL TERM
Topical term or geographic name as entry element Environmental Chemistry
700 ## - ADDED ENTRY--PERSONAL NAME
Personal name ARNAB,Kumar De
942 ## - ADDED ENTRY ELEMENTS (KOHA)
Source of classification or shelving scheme Dewey Decimal Classification
Koha item type Text Books
Holdings
Withdrawn status Lost status Source of classification or shelving scheme Damaged status Not for loan Collection code Home library Current library Date acquired Source of acquisition Currency Cost, normal purchase price Bill Number Total Checkouts Full call number Acc. no. / Barcode Date last seen Actual Cost, discounted price Bill Date Koha item type
    Dewey Decimal Classification     B.Tech(CSE) PIET C-LIBRARY PIET C-LIBRARY 25/03/2023 International Book Centre IN RUPEES 399.00 IB/IN/1350   577.14 DEE 34843 03/04/2023 299.25 25/03/2023 Reference Books
    Dewey Decimal Classification     B.Tech(CSE) PIET C-LIBRARY PIET C-LIBRARY 25/03/2023 International Book Centre IN RUPEES 399.00 IB/IN/1350   577.14 DEE 34844 03/04/2023 299.25 25/03/2023 Text Books
    Dewey Decimal Classification     B.Tech(CSE) PIET C-LIBRARY PIET C-LIBRARY 25/03/2023 International Book Centre IN RUPEES 399.00 IB/IN/1350   577.14 DEE 34845 03/04/2023 299.25 25/03/2023 Text Books
    Dewey Decimal Classification     B.Tech(CSE) PIET C-LIBRARY PIET C-LIBRARY 25/03/2023 International Book Centre IN RUPEES 399.00 IB/IN/1350   577.14 DEE 34846 03/04/2023 299.25 25/03/2023 Text Books
    Dewey Decimal Classification     B.Tech(CSE) PIET C-LIBRARY PIET C-LIBRARY 25/03/2023 International Book Centre IN RUPEES 399.00 IB/IN/1350   577.14 DEE 34847 03/04/2023 299.25 25/03/2023 Text Books
    Dewey Decimal Classification     B.Tech(CSE) PIET C-LIBRARY PIET C-LIBRARY 25/03/2023 International Book Centre IN RUPEES 399.00 IB/IN/1350   577.14 DEE 34848 03/04/2023 299.25 25/03/2023 Text Books
    Dewey Decimal Classification     B.Tech(CSE) PIET C-LIBRARY PIET C-LIBRARY 25/03/2023 International Book Centre IN RUPEES 399.00 IB/IN/1350   577.14 DEE 34849 03/04/2023 299.25 25/03/2023 Text Books
    Dewey Decimal Classification     B.Tech(CSE) PIET C-LIBRARY PIET C-LIBRARY 25/03/2023 International Book Centre IN RUPEES 399.00 IB/IN/1350   577.14 DEE 34850 03/04/2023 299.25 25/03/2023 Text Books
    Dewey Decimal Classification     B.Tech(CSE) PIET C-LIBRARY PIET C-LIBRARY 25/03/2023 International Book Centre IN RUPEES 399.00 IB/IN/1350   577.14 DEE 34851 03/04/2023 299.25 25/03/2023 Text Books
    Dewey Decimal Classification     B.Tech(CSE) PIET C-LIBRARY PIET C-LIBRARY 25/03/2023 International Book Centre IN RUPEES 399.00 IB/IN/1350   577.14 DEE 34852 03/04/2023 299.25 25/03/2023 Text Books

Design & Developed by: PIET Central Library
R70 Miles Stone Pattikalyana Samalkha Panipat 132102
mail ID :- [email protected], Phone No:- 0180-2569700 Ex.216